000 00548nam a2200169Ia 4500
008 090711s9999 xx 000 0 und d
082 _b37012
100 _aवाळिंबे वि. स.
245 _aबंगलोर ते रायबरेली
260 _c1977
300 _a252
600 _aवाळिंबे वि. स.
630 _aबंगलोर ते रायबरेली
700 _aवाळिंबे वि. स.
730 _aबंगलोर ते रायबरेली
942 _cBOOK
999 _c293577
_d293577